The Japanese Emperor through history / (Record no. 136820)

MARC details
000 -LEADER
campo de control de longitud fija 00646nam a2200193 4500
001 - NÚMERO DE CONTROL
campo de control 136820
003 - IDENTIFICADOR DE NÚMERO DE CONTROL
campo de control ES-MaACL
007 - CAMPO FIJO DE DESCRIPCIÓN FÍSICA--INFORMACIÓN GENERAL
campo de control de longitud fija t|
008 - DATOS DE LONGITUD FIJA--INFORMACIÓN GENERAL
campo de control de longitud fija 070214s1984 ja r ||||1| eng d
100 1# - ENTRADA PRINCIPAL--NOMBRE DE PERSONA
Nombre de persona Sakamoto, Taro.
9 (RLIN) 101635
245 14 - MENCIÓN DEL TÍTULO
Título The Japanese Emperor through history /
Mención de responsabilidad, etc. Taro Sakamoto.
260 ## - PUBLICACIÓN, DISTRIBUCIÓN, ETC.
Lugar de publicación, distribución, etc. Tokyo :
Nombre del editor, distribuidor, etc. Internacional Society for Educational Information,
Fecha de publicación, distribución, etc. 1984.
300 ## - DESCRIPCIÓN FÍSICA
Extensión 112 p. :
Otras características físicas il. ;
Dimensiones 26 cm.
490 1# - MENCIÓN DE SERIE
Mención de serie Understanding Japan ;
Designación de volumen o secuencia 47
710 2# - ENTRADA AGREGADA--NOMBRE DE ENTIDAD CORPORATIVA
Nombre de entidad corporativa o nombre de jurisdicción como elemento de entrada Internacional Society for Educational Information.
9 (RLIN) 5264
830 0# - PUNTO DE ACCESO ADICIONAL DE SERIE-TÍTULO UNIFORME
Título uniforme Understanding Japan ;
Designación de volumen o secuencia 47
9 (RLIN) 231673
852 ## - LOCALIZACIÓN
Ubicación ES-MaACL
Número de control de estantería L-7574
Sublocalización o colección R.108092
Holdings
Estatus retirado Estado de pérdida Estado de daño No para préstamo Biblioteca de origen Biblioteca actual Ubicación en estantería Fecha de adquisición Fuente de adquisición Total de préstamos Signatura topográfica completa Código de barras Visto por última vez Precio de reemplazo Tipo de ítem Koha
        Biblioteca del Ateneo de Madrid Biblioteca del Ateneo de Madrid Depósito 2 17/01/2008     L-7574 1142387 23/02/2023 23/02/2023 Libro impreso